000 00285nam a22001337a 4500
008 170210b xxu||||| |||| 00| 0 eng d
020 _a1560531606
041 _aeng
080 _a61
100 _a4
101 _aSHM
245 _aPAIN MANAGEMENT SECRETS
_cKANNER, R
942 _2udc
_cBK
999 _c5151
_d5151